000 01483 am a22003737a 4500
999 _c28659
_d28630
001 010369267
003 EG-ScBUE
005 20200906101201.0
008 920724s1992 nyuak f b 001 0 eng d
020 _a9780071129176
020 _a0071129170 (pbk)
040 _aUk
_beng
_erda
_cUk
_dEG-ScBUE
082 0 4 _a624.0685
_bBAR
_222
100 1 0 _aBarrie, Donald S.,
_eauthor.
_933917
245 1 0 _aProfessional construction management :
_bincluding C.M., design-construct, and general contracting /
_cDonald S. Barrie, president CM consultants, Boyd C. Paulson, Jr., professor of civil engineering, Stanford University.
250 _aThird edition.
250 _aInternational edition.
264 1 _aNew York :
_bMcGraw-Hill, Inc.,
_c1992.
300 _axx, 577 pages :
_billustrations, forms ;
_c24 cm.
336 _atext
_2rdacontent
_btxt
337 _aunmediated
_2rdamedia
_bn
338 _avolume
_2rdacarrier
_bnc
490 0 _aMcGraw-Hill series in construction engineering and project management
500 _aIncludes appendices.
504 _aIncludes bibliographical references and index.
650 7 _aConstruction industry
_xManagement.
_2BUEsh
650 7 _aValue analysis (Cost control)
_2BUEsh
653 1 _aConstruction
_aProjects
_aManagement
_bBUSADM
_cAugust2020
653 1 _aUnited States
655 _vReading book
_934232
700 1 _aPaulson, Boyd C.,
_cJr.,
_eauthor.
942 _2ddc
_cBB